Statistiques concernant Focus sur: Piedléger - Tolkien

Cliquez ici pour prendre le quiz!

Statistiques générales

  • Ce quiz a été pris 6 fois
  • Le résultat moyen est 5 sur 8

Statistiques - réponses

Informations recherchéesRéponses% Correct
EspèceCheval
100%
Couleur de la robeBlanc
83%
Age durant lequel elle vécutTroisième
83%
Première mentionLe Seigneur des Anneaux: La Communauté de l'Anneau
67%
ContréeRohan
67%
CavalierRoi du Rohan (probablement Thengel)
67%
Groupe de l'espèceMearas
17%
FilsSnawmana
17%

Distribution des résultats

Percentile par nombre de réponses

% des personnes avec chaque résultat

Votre développement - résultats

Vous n’avez pas pris ce quiz